00936nam a2200265 i 4500001000300000100003900003245007900042250005200121260005400173300002100227504003400248650004400282655003000326700003300356020001500389040000800404041000800412080002000420920001800440942000700458008004100465999001700506856009800523952004900621bg1 aBIERZANEK, Remigiuszd(1912-1993).10aPrawo międzynarodowe publiczne /cRemigiusz Bierzanek, Janusz Symonides. aWyd. 8 zm., stan prawny na styczeń 2004 roku. aWarszawa :bWydaw. Prawnicze "LexisNexis",c2004. a454 s. ;c24 cm. aBibliogr. s. 441-446. Indeks. 9aPrawo międzynarodoweystan na 2004 r. aPodręczniki akademickie1 aSYMONIDES, Januszd(1938- ). a837334294X cBPK0 apol a341.1/.8(075.8) a83-7334-294-X cKS s pl f |000 0 pol  c43958d43958 uhttp://koha.tu.koszalin.pl/cgi-bin/koha/opac-detail.pl?biblionumber=43958yKatalog online BPK 00104070aBPKbBPKcwo70486p02153018yKS